000 00915nam a2200241Ia 4500
003 IN-BaIIA
008 211028s9999 xx 000 0 eng d
020 _a0-7923-4820-4
040 _cIIA Library
080 _a523.62
_bTHE
111 _aISSI workshop
_cSwitzerland
_d1995 Nov. 6-10
_922409
245 4 _aThe heliosphere in the local interstellar medium
_bproceedings of the first ISSI workshop held in Bern, Switzerland, 6-10 November 1995
_cedited by R. Von Steiger, R. Lallement and M. A. Lee
260 _aDordrecht
_bKluwer Academic
_c1996
300 _axiv, 398p.
490 _aSpace science series of ISSI; vol.1
650 _aHeliosphere
_914687
650 _aInterstellar medium
_93375
650 _aSolar activity
_91424
700 _aLallement, R., ed.
_922410
700 _aLee, M. A., ed.
_922411
700 _aVon Steiger, R., ed.
_922412
942 _cBK
999 _c12791
_d12791